| 000 | 01651nam a2200325 c 4500 | ||
|---|---|---|---|
| 003 | BLK | ||
| 005 | 20180422102337.0 | ||
| 008 | 180408b bul|||||r ||||||| ||bul|| | ||
| 010 | _aKNG00064326000 | ||
| 040 | _aBLK | ||
| 041 |
_aBUL _cBUL |
||
| 080 |
_aСелскостопански машини и инструменти. Селскостопанско машиностроене _b631.3 _x.004.67(035) _z631.3.004.67(035) |
||
| 100 | 1 |
_aВасилев, Стойко _eпърви автор _9289709 |
|
| 700 | 1 |
_aВасилев, Стойко _eотг. ред. _9369901 |
|
| 139 |
_aСправочник по регулиране на селскостопанските машини _bС 59 |
||
| 245 | 1 | 0 |
_aСправочник по регулиране на селскостопанските машини _cСтойко Василев; отг. ред. Стойко Василев. |
| 257 | _aBGR | ||
| 260 |
_аСофия _bЗемиздат _c1986 _fХасково : печ. Ат. Стратиев |
||
| 300 |
_a319 с. _bсъс сх., табл. _c21 см |
||
| 380 | _a63 | ||
| 500 | _aДруги авт. : Дж. Даскалов, П. Терзиев, Вл. Витков, М. Каракашева, Ст. Василев, З. Курдов, П. Богословов. - 2 900 тир. | ||
| 650 | 4 |
_aСелскостопански машини и оръдия - ремонт и поддръжка _9289489 |
|
| 653 | _aселскостопански машини | ||
| 653 | _aподдръжка | ||
| 852 | _aЦб 141965 | ||
| 856 | 4 |
_qpdf _u |
|
| 856 | 4 |
_qpdf _u |
|
| 942 |
_cKNG _n0 |
||
| 944 |
_aCR _c13.06.2004 _kЧиталня |
||
| 944 |
_aED _c24.09.2015 _kВаля_Йорданова |
||
| 999 |
_c60188 _d60188 |
||